On A Map: Asia Quiz Stats

 Plays Quiz Updated Jun 6, 2018

Also try: Capitals of Asia
Challenge
Share
Tweet
Score 0/49 Timer 06:00
47 Plays Today
Country % Correct
China
87.7%
India
87.6%
Russia
87.6%
Japan
86.9%
Mongolia
85.8%
South Korea
85.5%
North Korea
85.3%
Saudi Arabia
84.8%
Turkey
84.4%
Iran
82.9%
Pakistan
82.3%
Yemen
82%
Nepal
81.9%
Sri Lanka
81.4%
Iraq
80.4%
Taiwan
80.1%
Oman
80.1%
Vietnam
79.6%
Israel
79.6%
Philippines
78.8%
Laos
78.5%
Afghanistan
78.3%
Thailand
78.3%
United Arab Emirates
77.9%
Cambodia
77.6%
Country % Correct
Syria
76.9%
Kazakhstan
76.7%
Jordan
76.5%
Indonesia
76.4%
Bangladesh
74.8%
Myanmar
74.2%
Kuwait
73.9%
Lebanon
73.4%
Qatar
72.9%
Maldives
72.9%
Georgia
72.7%
Singapore
72.5%
Uzbekistan
71.1%
Bhutan
70.7%
Malaysia
70.6%
Turkmenistan
69.8%
Armenia
68.5%
Palestine
68.2%
Bahrain
66.6%
Tajikistan
66.4%
Azerbaijan
65.6%
Brunei
65%
Kyrgyzstan
64.7%
Timor-Leste
63.5%

You're not logged in!

Compare scores with friends on all Sporcle quizzes.
OR
Log In

You Might Also Like...

Show Comments

Extras

Top Quizzes Today


Score Distribution

Your Account Isn't Verified!

In order to create a playlist on Sporcle, you need to verify the email address you used during registration. Go to your Sporcle Settings to finish the process.

Report this User

Report this user for behavior that violates our Community Guidelines.

Details: